[Event "NK Jeugd Cj"]
[Site "Assen"]
[Date "2017.04.26"]
[Round "5.13"]
[White "Tiggelaar, Joas"]
[Black "Warnaar, Alisha"]
[Result "1-0"]
[WhiteElo "1521"]
[BlackElo "1571"]
[PlyCount "63"]
[EventDate "2017.??.??"]

1. e4 c5 2. Nf3 d6 3. d4 cxd4 4. Nxd4 Nf6 5. Nc3 g6 6. g3 Bg7 7. Bg2 O-O 8. O-O
a6 9. a3 Qc7 10. Nde2 Nc6 11. Nf4 e6 12. Be3 Ne5 13. h3 Bd7 14. Rb1 Nc4 15. Bd4
e5 16. Nfd5 Qa5 17. b4 Qd8 18. Be3 Nxa3 19. Bb6 Qb8 20. Bc7 Qe8 21. Bxd6 Nxb1
22. Qxb1 Nxd5 23. Nxd5 Qe6 24. Bxf8 Rxf8 25. Qd1 Rc8 26. Bf3 Bf8 27. Bg4 f5 28.
Bf3 Ba4 29. Ne3 fxe4 30. Bg4 Qc6 31. Bxc8 Qxc8 32. Qd5+ 1-0

[Event "NK Jeugd Cj"]
[Site "Assen"]
[Date "2017.04.26"]
[Round "5.14"]
[White "Maters, Arthur"]
[Black "Schelleman, Martijn"]
[Result "1-0"]
[WhiteElo "1730"]
[BlackElo "1385"]
[PlyCount "87"]
[EventDate "2017.??.??"]

1. e4 e5 2. Nf3 Nc6 3. Bc4 Bc5 4. c3 Nf6 5. d3 d5 6. exd5 Nxd5 7. b4 Bd6 8.
Bxd5 O-O 9. O-O Bg4 10. h3 Bh5 11. Bg5 Bxf3 12. Qxf3 Qxg5 13. Bxc6 bxc6 14.
Qxc6 Rad8 15. Na3 a5 16. Qc4 axb4 17. cxb4 Qf4 18. Qxf4 exf4 19. Nc2 Be5 20.
Rad1 Bc3 21. d4 Rd6 22. Rd3 Rc6 23. b5 Rc4 24. Na3 Rxd4 25. Rxc3 Ra4 26. Rb1 h6
27. Rb2 Rfa8 28. Nc2 Rxa2 29. Rxa2 Rxa2 30. Rxc7 Rb2 31. Na3 Rb3 32. Ra7 g5 33.
Ra5 Kg7 34. Ra6 f6 35. b6 Kg6 36. Nc4 Rb4 37. Na5 h5 38. b7 g4 39. Ra8 Rb1+ 40.
Kh2 g3+ 41. fxg3 f3 42. b8=Q Rxb8 43. Rxb8 f2 44. Rb1 1-0

[Event "NK Jeugd Cj"]
[Site "Assen"]
[Date "2017.04.26"]
[Round "6.1"]
[White "Bruil, Rembrandt"]
[Black "Pham, Khoi"]
[Result "1-0"]
[WhiteElo "1963"]
[BlackElo "1870"]
[PlyCount "39"]
[EventDate "2017.??.??"]

1. d4 f5 2. Bg5 h6 3. Bh4 g5 4. e4 Bg7 5. Bg3 d5 6. exf5 Bxf5 7. Nf3 Nf6 8. Ne5
Nbd7 9. Bd3 Bxd3 10. Qxd3 Nxe5 11. dxe5 Ne4 12. Nc3 Nxg3 13. Qg6+ Kf8 14. fxg3
Bxe5 15. O-O+ Bf6 16. Rxf6+ exf6 17. Rf1 Ke7 18. Rxf6 Qg8 19. Nxd5+ Kd8 20.
Rd6+ 1-0

[Event "NK Jeugd Cj"]
[Site "Assen"]
[Date "2017.04.26"]
[Round "6.2"]
[White "Elgersma, Onno"]
[Black "De Boer, Eelke"]
[Result "0-1"]
[WhiteElo "2026"]
[BlackElo "2100"]
[PlyCount "80"]
[EventDate "2017.??.??"]

1. e4 e6 2. d4 d5 3. Nc3 Bb4 4. e5 c5 5. a3 Bxc3+ 6. bxc3 Qa5 7. Bd2 Qa4 8. Qg4
g6 9. Nf3 Nc6 10. Be2 Bd7 11. Ra2 c4 12. O-O O-O-O 13. Bg5 Re8 14. Qf4 h6 15.
Bf6 g5 16. Qd2 Nxf6 17. exf6 Qa5 18. Ne5 Nxe5 19. dxe5 Ba4 20. Qd4 Rd8 21. Bh5
Rd7 22. f3 b6 23. Kf2 Kc7 24. Ke3 Kc6 25. g3 Rg8 26. f4 gxf4+ 27. Rxf4 Rg5 28.
Bf3 Kc7 29. Kd2 Kc8 30. Bg4 Qb5 31. Kc1 Rg8 32. Bh5 Qc5 33. Kd2 Rg5 34. g4 Qc7
35. h4 Rxe5 36. Bg6 Re4 37. Bxe4 Qxf4+ 38. Qe3 dxe4+ 39. Ke2 Qxg4+ 40. Kf2 Rd1
0-1

[Event "NK Jeugd Cj"]
[Site "Assen"]
[Date "2017.04.26"]
[Round "6.3"]
[White "Hilwerda, Jonas"]
[Black "Brands, Kevin"]
[Result "1-0"]
[WhiteElo "2011"]
[BlackElo "1531"]
[PlyCount "69"]
[EventDate "2017.??.??"]

1. e4 c5 2. Nf3 d6 3. Bb5+ Nc6 4. O-O g6 5. Re1 Bg7 6. h3 Bd7 7. c3 Nf6 8. d4
cxd4 9. cxd4 O-O 10. Nc3 Qb6 11. Be3 Nxe4 12. Nxe4 Qxb5 13. Qd2 Qb4 14. Nc3 Na5
15. Nd5 Qxd2 16. Nxe7+ Kh8 17. Bxd2 Nc4 18. Bc3 Nb6 19. Bb4 Rfe8 20. Bxd6 Bf8
21. Be5+ Bg7 22. Bd6 Bf8 23. Bc5 Na4 24. Nd5 Nxc5 25. dxc5 Bxc5 26. Ne5 Bd4 27.
Nxd7 Kg7 28. Red1 Re4 29. Nc3 Rf4 30. Ne2 Bxf2+ 31. Kf1 Rf5 32. g4 Rf3 33. Kg2
Re3 34. Kxf2 Rae8 35. Ng3 1-0

[Event "NK Jeugd Cj"]
[Site "Assen"]
[Date "2017.04.26"]
[Round "6.4"]
[White "Bruggink, Tycho"]
[Black "Hoeneveld, Maarten"]
[Result "1-0"]
[WhiteElo "1858"]
[BlackElo "2001"]
[PlyCount "75"]
[EventDate "2017.??.??"]

1. e4 e5 2. Nf3 Nf6 3. Nxe5 d6 4. Nf3 Nxe4 5. Nc3 Nxc3 6. dxc3 Be7 7. Be3 Nc6
8. Qd2 Be6 9. Nd4 O-O 10. O-O-O Nxd4 11. cxd4 d5 12. Be2 b6 13. f4 f5 14. Bf3
Qd7 15. Rhe1 Rad8 16. Bf2 Rfe8 17. Re3 c5 18. Rd3 c4 19. Re3 Rc8 20. Rde1 Bd6
21. Rxe6 Rxe6 22. Bxd5 Rce8 23. Rxe6 Rxe6 24. Qe3 Kf7 25. Bxc4 Qc8 26. Qxe6+
Qxe6 27. Bxe6+ Kxe6 28. g3 Kd5 29. Kd2 Ke4 30. Ke2 b5 31. c3 h6 32. h4 h5 33.
b3 b4 34. c4 a5 35. d5 Bc7 36. Bc5 g6 37. d6 Bd8 38. d7 1-0

[Event "NK Jeugd Cj"]
[Site "Assen"]
[Date "2017.04.26"]
[Round "6.5"]
[White "Grutter, Tim"]
[Black "Shakhverdian, William"]
[Result "1/2-1/2"]
[WhiteElo "1828"]
[BlackElo "1732"]
[PlyCount "46"]
[EventDate "2017.??.??"]

1. d3 d5 2. Nf3 Nf6 3. g3 Bf5 4. Bg2 c6 5. Nbd2 e6 6. Nh4 Bg6 7. Nxg6 hxg6 8.
e4 dxe4 9. dxe4 Nbd7 10. O-O Bc5 11. Nc4 O-O 12. Be3 Bxe3 13. Nxe3 e5 14. Qe2
Re8 15. Rad1 Qc7 16. Rd2 Rad8 17. Rfd1 Nb6 18. f3 Rxd2 19. Rxd2 Rd8 20. Qd1
Rxd2 21. Qxd2 Qd7 22. Qxd7 Nfxd7 23. b3 Kf8 1/2-1/2

[Event "NK Jeugd Cj"]
[Site "Assen"]
[Date "2017.04.26"]
[Round "6.6"]
[White "Paays, Dominggus"]
[Black "Nguyen, Lucas"]
[Result "1/2-1/2"]
[WhiteElo "1531"]
[BlackElo "1924"]
[PlyCount "51"]
[EventDate "2017.??.??"]

1. e4 c5 2. Nc3 Nc6 3. f4 g6 4. Bb5 Nd4 5. Nf3 Nxb5 6. Nxb5 Bg7 7. O-O Nf6 8.
Nc3 O-O 9. d3 d6 10. h3 a6 11. g4 e6 12. Ne2 d5 13. Ng3 b5 14. Qe1 Qc7 15. c3
Re8 16. Kh2 Bb7 17. e5 Nd7 18. d4 f6 19. h4 fxe5 20. fxe5 cxd4 21. cxd4 Rf8 22.
Be3 Nb6 23. b3 a5 24. Ng5 Qe7 25. Rxf8+ Bxf8 26. h5 1/2-1/2

[Event "NK Jeugd Cj"]
[Site "Assen"]
[Date "2017.04.26"]
[Round "6.7"]
[White "Gevorkjan, Lewon"]
[Black "Boghossian, Wahe"]
[Result "1-0"]
[WhiteElo "1815"]
[BlackElo "1863"]
[PlyCount "105"]
[EventDate "2017.??.??"]

1. e4 e5 2. Nf3 Nc6 3. Nc3 Nf6 4. Bb5 a6 5. Bxc6 dxc6 6. Nxe5 Bc5 7. O-O O-O 8.
d3 Re8 9. Nc4 Be6 10. Ne3 Qe7 11. Re1 Rad8 12. Bd2 b5 13. h3 h6 14. Ne2 Bc8 15.
Ng3 g6 16. Qf3 Bd6 17. Bc3 Be5 18. a3 Nh7 19. Ng4 Ng5 20. Qe3 Bxc3 21. bxc3 h5
22. Nh2 Qf6 23. e5 Qe7 24. f4 Nh7 25. Ne4 Rd5 26. Nf3 Bf5 27. Nfd2 Red8 28. Qa7
Nf8 29. Nf6+ Kg7 30. Nxd5 cxd5 31. Qxa6 Ne6 32. Qxb5 Nxf4 33. Nf3 d4 34. Qc6
dxc3 35. Qxc3 g5 36. e6+ Kh6 37. exf7 Qxf7 38. Qe5 Rd5 39. Qe7 Qxe7 40. Rxe7
Rc5 41. Re5 Rxe5 42. Nxe5 Be6 43. c4 Kg7 44. a4 Kf6 45. d4 Ne2+ 46. Kf2 Nxd4
47. Nf3 Nb3 48. Rb1 Bxc4 49. Ke3 Na5 50. Kd4 Bb3 51. Kc3 Bf7 52. Nd4 Nc4 53.
Rf1+ 1-0

[Event "NK Jeugd Cj"]
[Site "Assen"]
[Date "2017.04.26"]
[Round "6.8"]
[White "Rutjens, Mika"]
[Black "Kutchoukov, Daniel"]
[Result "0-1"]
[WhiteElo "1515"]
[BlackElo "1823"]
[PlyCount "54"]
[EventDate "2017.??.??"]

1. e4 c6 2. Bc4 d5 3. Bb3 dxe4 4. Qh5 e6 5. Nc3 Nf6 6. Qh4 Nbd7 7. Nxe4 Nxe4 8.
Qxe4 Nf6 9. Qe2 Be7 10. Nf3 O-O 11. d4 Qc7 12. Bd2 c5 13. dxc5 Bxc5 14. O-O-O
a5 15. a3 a4 16. Ba2 Bd7 17. Ne5 Rfc8 18. Bc3 Bxa3 19. Nxd7 Nxd7 20. bxa3 Qxc3
21. Rxd7 Qa1+ 22. Bb1 Qxa3+ 23. Kd2 Qc3+ 24. Kc1 a3 25. Rxb7 a2 26. Bxa2 Rxa2
27. Rb1 Rxc2+ 0-1

[Event "NK Jeugd Cj"]
[Site "Assen"]
[Date "2017.04.26"]
[Round "6.9"]
[White "Bijvank, Kylian"]
[Black "Ekker, Laurens"]
[Result "0-1"]
[WhiteElo "1678"]
[BlackElo "1396"]
[PlyCount "64"]
[EventDate "2017.??.??"]

1. e4 e5 2. Nf3 Nc6 3. d4 exd4 4. Nxd4 Bc5 5. Nb3 Bb6 6. Nc3 d6 7. Qe2 Be6 8.
Be3 Bxe3 9. Qxe3 Nf6 10. f3 a6 11. O-O-O Qe7 12. g4 O-O-O 13. h4 h6 14. Nd4
Nxd4 15. Rxd4 c6 16. Ra4 c5 17. Be2 Nd7 18. Rd1 Nb6 19. Ra3 Qxh4 20. Nd5 Bxd5
21. exd5 Rhe8 22. Qd2 Qf2 23. Re1 Nc4 24. Rxa6 Nxd2 25. Rc6+ bxc6 26. Ba6+ Kc7
27. Rxe8 Rxe8 28. Be2 Qxe2 29. b3 Nc4 30. bxc4 Rb8 31. c3 Rb2 32. dxc6 Qc2# 0-1

[Event "NK Jeugd Cj"]
[Site "Assen"]
[Date "2017.04.26"]
[Round "6.10"]
[White "Brandsma, Romayn"]
[Black "Honkoop, Gilian"]
[Result "0-1"]
[WhiteElo "1390"]
[BlackElo "1820"]
[PlyCount "32"]
[EventDate "2017.??.??"]

1. d4 d6 2. c4 c6 3. Nf3 Bg4 4. Bf4 Nd7 5. h3 Bh5 6. e3 Qc7 7. Be2 e5 8. dxe5
dxe5 9. Bh2 Ngf6 10. Nc3 Bd6 11. Qd2 O-O-O 12. O-O-O Nc5 13. Qc2 Bg6 14. Qd2
Be7 15. Qe1 Rxd1+ 16. Bxd1 Nd3+ 0-1

[Event "NK Jeugd Cj"]
[Site "Assen"]
[Date "2017.04.26"]
[Round "6.11"]
[White "Klaren, Duncan"]
[Black "Maters, Arthur"]
[Result "1/2-1/2"]
[WhiteElo "1551"]
[BlackElo "1730"]
[PlyCount "39"]
[EventDate "2017.??.??"]

1. e4 c5 2. Nf3 d6 3. d4 cxd4 4. Nxd4 Nf6 5. Nc3 a6 6. h3 e6 7. g4 b5 8. Bg2
Bb7 9. a3 Nfd7 10. O-O Be7 11. Nde2 Nb6 12. Ng3 N8d7 13. f4 Nc4 14. Kh1 Rc8 15.
a4 b4 16. Nce2 a5 17. g5 h6 18. g6 O-O 19. Nd4 Bh4 20. Qg4 1/2-1/2

[Event "NK Jeugd Cj"]
[Site "Assen"]
[Date "2017.04.26"]
[Round "6.12"]
[White "Tiggelaar, Joas"]
[Black "Van der Hagen, Loek"]
[Result "0-1"]
[WhiteElo "1521"]
[BlackElo "1581"]
[PlyCount "150"]
[EventDate "2017.??.??"]

1. e4 c5 2. Nf3 d6 3. d4 cxd4 4. Nxd4 Nf6 5. Nc3 Nc6 6. Nde2 g6 7. g3 Bg7 8.
Bg2 O-O 9. O-O a6 10. Rb1 Qc7 11. Nf4 e6 12. Be3 Rb8 13. a4 Ne5 14. h3 Nc4 15.
Bd4 Qd8 16. Qe2 b5 17. axb5 axb5 18. b3 Na3 19. Rbd1 Qa5 20. e5 dxe5 21. Bxe5
Rb6 22. Bc7 b4 23. Bxb6 Qxb6 24. Ne4 Ba6 25. Nd3 Rc8 26. Rd2 Nd5 27. g4 Nc3 28.
Nxc3 Bxc3 29. Rdd1 Bg7 30. Qf3 Rxc2 31. Rfe1 Bd4 32. Ne5 Rxf2 33. Qa8+ Kg7 34.
Kh1 Bxe5 35. Rxe5 Rxg2 36. Qxg2 Bb7 37. Re4 Nb5 38. Rd7 Nc3 39. Rxb7 Qxb7 40.
Re3 Qd7 41. Qf3 Qa7 42. Re1 Qa2 43. Rf1 Qa7 44. Qf6+ Kg8 45. Qf4 Qb7+ 46. Qf3
Nd5 47. h4 Qe7 48. Qg3 Qb7 49. Kh2 Qc7 50. Qxc7 Nxc7 51. Rf4 Nd5 52. h5 Nxf4
53. hxg6 fxg6 54. Kg3 Nd5 55. Kf3 Kf7 56. Ke4 Kf6 57. Kf3 h5 58. gxh5 gxh5 59.
Ke4 h4 60. Kf3 Kf5 61. Ke2 Kf4 62. Kd3 h3 63. Kc4 h2 64. Kc5 h1=Q 65. Kc6 Nc3+
66. Kc5 Qe4 67. Kd6 Qd5+ 68. Ke7 e5 69. Kf6 e4 70. Kg6 Qf5+ 71. Kg7 Qe6 72. Kh7
Qg4 73. Kh6 Kf5 74. Kh7 Kf6 75. Kh8 Qg7# 0-1

[Event "NK Jeugd Cj"]
[Site "Assen"]
[Date "2017.04.26"]
[Round "6.13"]
[White "Albertus, Bram"]
[Black "Algra, Sake"]
[Result "1-0"]
[WhiteElo "1569"]
[BlackElo "1481"]
[PlyCount "67"]
[EventDate "2017.??.??"]

1. e4 c5 2. Nc3 d6 3. f4 g6 4. Nf3 Bg7 5. Bc4 Nf6 6. d3 O-O 7. O-O Nc6 8. Qe1
Re8 9. f5 a6 10. a4 e6 11. fxg6 fxg6 12. Qh4 b6 13. Bh6 Ra7 14. Bg5 Kh8 15. h3
Rf8 16. Rf2 Qd7 17. Nh2 Ne8 18. Rxf8+ Bxf8 19. Rf1 Bg7 20. Ng4 Nd4 21. Qf2 Kg8
22. Nh6+ Bxh6 23. Bxh6 Qf7 24. Qh4 Nf5 25. exf5 gxf5 26. Qg5+ Qg6 27. Rxf5 Rf7
28. Rxf7 Kxf7 29. Qf4+ Nf6 30. Bg5 Kg7 31. Bxf6+ Qxf6 32. Qxd6 Qd4+ 33. Qxd4+
cxd4 34. Ne4 1-0

[Event "NK Jeugd Cj"]
[Site "Assen"]
[Date "2017.04.26"]
[Round "6.14"]
[White "Warnaar, Alisha"]
[Black "Schelleman, Martijn"]
[Result "0-1"]
[WhiteElo "1571"]
[BlackElo "1385"]
[PlyCount "134"]
[EventDate "2017.??.??"]

1. e4 e5 2. Nf3 Nc6 3. d4 exd4 4. Nxd4 Bc5 5. Be3 Qf6 6. c3 Nge7 7. Bc4 O-O 8.
O-O d6 9. Kh1 Be6 10. Be2 Qe5 11. Qd3 d5 12. Nxe6 Bd6 13. Nf4 g5 14. g3 gxf4
15. Bxf4 Qxe4+ 16. Qxe4 dxe4 17. Bh6 Rfe8 18. g4 Ng6 19. Nd2 Bf4 20. Bxf4 Nxf4
21. Bc4 Rad8 22. Rad1 Na5 23. Bb5 c6 24. Ba4 b5 25. Bc2 Nd3 26. b4 Nc4 27. Nxe4
Rxe4 28. Bxd3 Ree8 29. Bf5 Rxd1 30. Rxd1 Re2 31. Rd8+ Kg7 32. Rc8 Rxf2 33. Rxc6
Ne3 34. h3 Nxf5 35. gxf5 Rxa2 36. Rc5 Ra3 37. Kg2 a5 38. Rxb5 axb4 39. cxb4 Rb3
40. Rb6 Rb2+ 41. Kf3 Rb3+ 42. Kg4 h6 43. h4 Rb1 44. Kh5 Rf1 45. f6+ Kh7 46. Kg4
Rg1+ 47. Kf5 Rh1 48. Ke5 Rxh4 49. Rb7 Kg6 50. Kd6 Rf4 51. Kc7 Rxf6 52. Rb6 Rxb6
53. Kxb6 h5 54. Kc5 h4 55. b5 h3 56. b6 h2 57. b7 h1=Q 58. b8=Q Qc1+ 59. Kd4
Qd2+ 60. Kc4 Qe2+ 61. Kd4 f6 62. Qg3+ Kf5 63. Qg8 Qg4+ 64. Qxg4+ Kxg4 65. Ke4
f5+ 66. Ke3 Kg3 67. Ke2 f4 0-1

[Event "NK Jeugd Cj"]
[Site "Assen"]
[Date "2017.04.27"]
[Round "7.1"]
[White "Hilwerda, Jonas"]
[Black "Bruil, Rembrandt"]
[Result "1/2-1/2"]
[WhiteElo "2011"]
[BlackElo "1963"]
[PlyCount "139"]
[EventDate "2017.??.??"]

1. e4 c5 2. Nf3 Nc6 3. Nc3 g6 4. Bb5 Nd4 5. Nxd4 cxd4 6. Ne2 Bg7 7. O-O Nf6 8.
d3 O-O 9. Bc4 d5 10. exd5 Nxd5 11. Ng3 Nb6 12. Bb3 Bd7 13. Bd2 Bc6 14. f4 Na4
15. f5 Nc5 16. Qg4 Nxb3 17. axb3 Qd5 18. Rf2 e6 19. f6 Bxf6 20. Ne4 Bg7 21.
Nf6+ Bxf6 22. Rxf6 h5 23. Qe2 e5 24. Ra5 b5 25. Bb4 Rfd8 26. Ra6 Rac8 27. Rxa7
Ra8 28. Rfxf7 Rxa7 29. Rxa7 Ra8 30. Rxa8+ Bxa8 31. c4 dxc3 32. bxc3 e4 33. dxe4
Qxe4 34. Qxe4 Bxe4 35. c4 bxc4 36. bxc4 Kf7 37. Kf2 Ke6 38. Bd2 Bd3 39. c5 Kd5
40. Be3 Be4 41. h3 Bc2 42. Kg3 Be4 43. Bg1 Kc6 44. Be3 Kd5 45. Bf2 Kc6 46. Kh2
Bf5 47. Be3 Kd5 48. Kg1 Kc6 49. Kf1 Kd5 50. Kf2 Be4 51. h4 Kc6 52. g3 Kd5 53.
Ke2 Kc6 54. Bf2 Kd5 55. Ke3 Bb1 56. Kf4 Kc6 57. Ke5 Bc2 58. Kd4 Bb1 59. Be3 Bf5
60. Bf4 Bb1 61. Bd6 Bf5 62. Ke5 Bb1 63. Kf6 Bc2 64. Kg5 Bb1 65. g4 hxg4 66.
Kxg4 Bc2 67. Kg5 Bb1 68. h5 gxh5 69. Kxh5 Ba2 70. Kg5 1/2-1/2

[Event "NK Jeugd Cj"]
[Site "Assen"]
[Date "2017.04.27"]
[Round "7.2"]
[White "De Boer, Eelke"]
[Black "Bruggink, Tycho"]
[Result "1/2-1/2"]
[WhiteElo "2100"]
[BlackElo "1858"]
[PlyCount "74"]
[EventDate "2017.??.??"]

1. e4 e5 2. Nf3 Nc6 3. Bb5 a6 4. Ba4 Nf6 5. O-O Be7 6. d3 b5 7. Bb3 d6 8. a3
O-O 9. Nc3 Bg4 10. Be3 Nd4 11. Bxd4 exd4 12. Nd5 c5 13. h3 Be6 14. Nf4 Bxb3 15.
cxb3 Nd7 16. b4 Nb6 17. Re1 Bg5 18. Nxg5 Qxg5 19. g3 Rfe8 20. h4 Qe5 21. b3 a5
22. Qd2 axb4 23. axb4 Rec8 24. Rec1 Rxa1 25. Rxa1 c4 26. bxc4 bxc4 27. dxc4
Qxe4 28. c5 dxc5 29. bxc5 Nd7 30. Re1 Qa8 31. Qxd4 Nxc5 32. Nd5 Ne6 33. Ne7+
Kf8 34. Qb4 Rb8 35. Ng6+ Kg8 36. Ne7+ Kf8 37. Qd6 Rd8 1/2-1/2

[Event "NK Jeugd Cj"]
[Site "Assen"]
[Date "2017.04.27"]
[Round "7.3"]
[White "Pham, Khoi"]
[Black "Elgersma, Onno"]
[Result "1/2-1/2"]
[WhiteElo "1870"]
[BlackElo "2026"]
[PlyCount "114"]
[EventDate "2017.??.??"]

1. e4 e6 2. d4 d5 3. Nc3 Nf6 4. e5 Nfd7 5. f4 c5 6. Nf3 Nc6 7. Be3 Be7 8. Be2
a6 9. Qd2 b5 10. O-O O-O 11. Nd1 cxd4 12. Nxd4 Nxd4 13. Bxd4 Bb7 14. Ne3 f5 15.
g4 g6 16. g5 Rc8 17. Qe1 Nc5 18. h4 h5 19. Qd1 Qe8 20. Rf2 Kg7 21. Rg2 Rh8 22.
c3 Ne4 23. Qb3 Nd2 24. Qd1 Nc4 25. Bf3 Nxe3 26. Bxe3 Qc6 27. Rc1 Bc5 28. Bd4
Rc7 29. Rgc2 Rhc8 30. Kh2 Qb6 31. Be2 Kg8 32. Bxc5 Qxc5 33. Qg1 Kf7 34. Qxc5
Rxc5 35. Rd2 b4 36. c4 Ke8 37. b3 a5 38. Rcd1 Ba6 39. cxd5 Bxe2 40. Rxe2 exd5
41. Red2 Rd8 42. Kg2 Ke7 43. Kf2 Ke6 44. Ke3 Rdc8 45. Kd4 Rc3 46. Rd3 Rc2 47.
Ke3 R8c5 48. R1d2 R2c3 49. Rxc3 Rxc3+ 50. Rd3 Rc1 51. Rd2 Re1+ 52. Kf3 Rc1 53.
Ke3 Rc5 54. Kd3 Rc3+ 55. Ke2 Rc5 56. Kd3 Rc3+ 57. Ke2 Rc5 1/2-1/2

[Event "NK Jeugd Cj"]
[Site "Assen"]
[Date "2017.04.27"]
[Round "7.4"]
[White "Brands, Kevin"]
[Black "Grutter, Tim"]
[Result "0-1"]
[WhiteElo "1531"]
[BlackElo "1828"]
[PlyCount "92"]
[EventDate "2017.??.??"]

1. e4 e5 2. Nf3 Nc6 3. d4 exd4 4. Nxd4 Nf6 5. Nc3 Bb4 6. Nxc6 bxc6 7. Bd3 d5 8.
e5 Nd7 9. Qg4 Bxc3+ 10. bxc3 O-O 11. Bh6 g6 12. Bxf8 Nxe5 13. Qd4 Nxd3+ 14.
cxd3 Qxf8 15. O-O Qd6 16. Rfe1 Be6 17. Rab1 c5 18. Qa4 Bd7 19. Qa5 Bc6 20. d4
cxd4 21. cxd4 a6 22. Rec1 Qd7 23. Rc5 Re8 24. Qxa6 Qf5 25. Rbc1 Bd7 26. Rxc7
Re4 27. Qd6 Be6 28. Re7 Re2 29. Re8+ Kg7 30. f4 Qg4 31. Qf8+ Kf6 32. Rxe6+ Qxe6
33. Qh8+ Kf5 34. Kf1 Qe3 35. Qe5+ Qxe5 36. dxe5 Rxa2 37. Rd1 Ke4 38. g3 Rxh2
39. Kg1 Rc2 40. Re1+ Kf3 41. Rd1 Kxg3 42. Rd3+ Kxf4 43. Rxd5 Rc7 44. Kf2 Re7
45. Rd8 Rxe5 46. Rf8 f5 0-1

[Event "NK Jeugd Cj"]
[Site "Assen"]
[Date "2017.04.27"]
[Round "7.5"]
[White "Shakhverdian, William"]
[Black "Kutchoukov, Daniel"]
[Result "1-0"]
[WhiteElo "1732"]
[BlackElo "1823"]
[PlyCount "91"]
[EventDate "2017.??.??"]

1. d4 Nf6 2. c4 c5 3. d5 e6 4. Nc3 exd5 5. cxd5 d6 6. e4 g6 7. Nf3 Bg7 8. Bd3
O-O 9. h3 Re8 10. Bf4 a6 11. a4 Qc7 12. O-O Nbd7 13. Re1 Rb8 14. Qd2 c4 15. Bc2
Nc5 16. e5 Nfd7 17. exd6 Rxe1+ 18. Rxe1 Qd8 19. Nd4 Ra8 20. Qe3 Nf6 21. Nf3 b6
22. Ne5 Bb7 23. Rd1 Rc8 24. Qe2 Nh5 25. Bh2 Qg5 26. Nc6 Rf8 27. Qd2 Qxd2 28.
Rxd2 Nf6 29. Re2 Nfd7 30. Ne4 Nxe4 31. Bxe4 Nc5 32. Bc2 h5 33. Bf4 Kh7 34. Re7
Bf6 35. Re2 Bg7 36. Kh2 Bf6 37. Re1 Kg7 38. Be3 Re8 39. Bh6+ Kxh6 40. Rxe8 Bxb2
41. Re7 Bf6 42. Rxf7 Bg5 43. f4 Bh4 44. g3 Bc8 45. gxh4 b5 46. Ne7 1-0

[Event "NK Jeugd Cj"]
[Site "Assen"]
[Date "2017.04.27"]
[Round "7.6"]
[White "Ekker, Laurens"]
[Black "Gevorkjan, Lewon"]
[Result "0-1"]
[WhiteElo "1396"]
[BlackElo "1815"]
[PlyCount "114"]
[EventDate "2017.??.??"]

1. e4 d5 2. exd5 Nf6 3. Nf3 Nxd5 4. d4 Bf5 5. c3 e6 6. Bd3 Bxd3 7. Qxd3 Nd7 8.
O-O Be7 9. Nbd2 O-O 10. Nc4 c5 11. Nce5 Nxe5 12. Nxe5 Qc7 13. Re1 Rad8 14. dxc5
Bxc5 15. Qe2 Rfe8 16. c4 Ne7 17. Bf4 Qb6 18. b3 Nf5 19. Rad1 Nd4 20. Qh5 g6 21.
Qh4 Be7 22. Bg5 Bxg5 23. Qxg5 Qc7 24. Qf6 b6 25. Nf3 Nxf3+ 26. Qxf3 Rd6 27.
Rxd6 Qxd6 28. Rd1 Qe5 29. Qd3 Qa5 30. Qd2 Qa3 31. g3 Qe7 32. Qd7 Kf8 33. Kf1 f6
34. Qxe7+ Kxe7 35. Ke2 Rc8 36. f4 h6 37. a4 Rc5 38. Kf3 g5 39. fxg5 Rf5+ 40.
Kg2 Rxg5 41. Rd4 Re5 42. Kf3 Re1 43. Kf2 Rb1 44. Rd3 Rb2+ 45. Kg1 e5 46. g4 Ke6
47. Re3 f5 48. gxf5+ Kxf5 49. h3 Kf4 50. Rc3 e4 51. Kf1 e3 52. c5 Kf3 53. Kg1
bxc5 54. Rxc5 Rb1+ 55. Kh2 e2 56. Rc3+ Ke4 57. Rc4+ Kd3 0-1

[Event "NK Jeugd Cj"]
[Site "Assen"]
[Date "2017.04.27"]
[Round "7.7"]
[White "Hoeneveld, Maarten"]
[Black "Paays, Dominggus"]
[Result "1-0"]
[WhiteElo "2001"]
[BlackElo "1531"]
[PlyCount "53"]
[EventDate "2017.??.??"]

1. e4 c5 2. d4 cxd4 3. c3 Nf6 4. e5 Nd5 5. cxd4 Nc6 6. Nf3 d6 7. Bc4 Nb6 8. Bb5
dxe5 9. Nxe5 Bd7 10. Nxd7 Qxd7 11. O-O e6 12. Nc3 Be7 13. Qg4 O-O 14. Rd1 f5
15. Qe2 Bf6 16. d5 exd5 17. Nxd5 Nxd5 18. Rxd5 Qc7 19. Be3 Rae8 20. Rad1 f4 21.
Qc4 fxe3 22. Rd7+ Kh8 23. Rxc7 exf2+ 24. Kf1 Ne5 25. Qb4 Rd8 26. Rxd8 Rxd8 27.
Be2 1-0

[Event "NK Jeugd Cj"]
[Site "Assen"]
[Date "2017.04.27"]
[Round "7.8"]
[White "Honkoop, Gilian"]
[Black "Nguyen, Lucas"]
[Result "0-1"]
[WhiteElo "1820"]
[BlackElo "1924"]
[PlyCount "38"]
[EventDate "2017.??.??"]

1. e4 c5 2. Nf3 Nc6 3. d4 cxd4 4. Nxd4 g6 5. Nc3 Bg7 6. Be3 Nf6 7. f3 O-O 8.
Qd2 d5 9. O-O-O dxe4 10. Nxe4 Nxe4 11. fxe4 Ne5 12. h3 b6 13. Qb4 Qc7 14. Nb5
Qc6 15. Nc3 e6 16. Bb5 Qc7 17. Ba4 Bb7 18. Nb5 Qc4 19. Rd4 Nd3+ 0-1

[Event "NK Jeugd Cj"]
[Site "Assen"]
[Date "2017.04.27"]
[Round "7.9"]
[White "Boghossian, Wahe"]
[Black "Albertus, Bram"]
[Result "1-0"]
[WhiteElo "1863"]
[BlackElo "1569"]
[PlyCount "77"]
[EventDate "2017.??.??"]

1. e4 c5 2. Nf3 d6 3. d4 cxd4 4. Nxd4 g6 5. Nc3 Bg7 6. Be3 Nf6 7. Be2 a6 8. O-O
b5 9. a3 O-O 10. f3 Bb7 11. Qd2 Nbd7 12. Rad1 Rc8 13. Kh1 Ne5 14. Bd3 Qc7 15.
Qe2 Nfd7 16. f4 Nc4 17. Ndxb5 axb5 18. Nxb5 Nxe3 19. Nxc7 Nxd1 20. Rxd1 Rxc7
21. b3 Nc5 22. h3 Nxd3 23. Rxd3 Bc3 24. Rg3 Rfc8 25. a4 Rc5 26. Qe3 e5 27. f5
Bd4 28. Qh6 Rxc2 29. Rf3 Rc1+ 30. Kh2 R8c2 31. f6 Rxg2+ 32. Kxg2 Rc2+ 33. Kg3
Bf2+ 34. Rxf2 Rc3+ 35. Rf3 Rxf3+ 36. Kxf3 Bxe4+ 37. Kxe4 d5+ 38. Kxd5 e4 39.
Qg7# 1-0

[Event "NK Jeugd Cj"]
[Site "Assen"]
[Date "2017.04.27"]
[Round "7.10"]
[White "Van der Hagen, Loek"]
[Black "Klaren, Duncan"]
[Result "0-1"]
[WhiteElo "1581"]
[BlackElo "1551"]
[PlyCount "58"]
[EventDate "2017.??.??"]

1. e4 c5 2. Nf3 d6 3. d4 cxd4 4. Nxd4 Nf6 5. Nc3 a6 6. Bg5 Nbd7 7. f4 Qc7 8.
Qf3 b5 9. O-O-O Bb7 10. Bd3 g6 11. g4 Bg7 12. Nce2 Rc8 13. h4 e5 14. Nb3 d5 15.
Ng3 dxe4 16. Nxe4 Nxe4 17. Bxe4 Qxc2+ 18. Bxc2 Bxf3 19. fxe5 Bxh1 20. Rxh1 Nxe5
21. Rg1 O-O 22. Rg3 Nc4 23. h5 Rfe8 24. Rg1 Re2 25. Kb1 Nxb2 26. Bd1 Nxd1 27.
Bd2 Nc3+ 28. Kc1 Rh2 29. hxg6 Ne2+ 0-1

[Event "NK Jeugd Cj"]
[Site "Assen"]
[Date "2017.04.27"]
[Round "7.11"]
[White "Brandsma, Romayn"]
[Black "Rutjens, Mika"]
[Result "1-0"]
[WhiteElo "1390"]
[BlackElo "1515"]
[PlyCount "91"]
[EventDate "2017.??.??"]

1. e4 e5 2. Nf3 Nf6 3. Nxe5 d6 4. Nf3 Nxe4 5. Nc3 Nxc3 6. dxc3 Nc6 7. Be3 Be7
8. Qd2 Be6 9. O-O-O O-O 10. Bd3 a5 11. a3 Na7 12. Rde1 Qd7 13. Nd4 c5 14. Nxe6
fxe6 15. Bxc5 Qd8 16. Bxa7 Rxa7 17. Kb1 e5 18. Qe3 Ra8 19. Qe4 g6 20. h4 Bf6
21. Qd5+ Kg7 22. h5 Qc7 23. hxg6 hxg6 24. Rh3 Rh8 25. Reh1 Qc6 26. Qxc6 bxc6
27. Rxh8 Rxh8 28. Rxh8 Kxh8 29. Bxg6 Kg7 30. Be8 c5 31. b4 cxb4 32. cxb4 axb4
33. axb4 Kf8 34. Bc6 Ke7 35. b5 Kd8 36. Kc1 Bh4 37. f3 Bf2 38. g4 Kc7 39. Kd2
Bg3 40. Ke3 Kb6 41. Ke4 Kc5 42. Kf5 d5 43. g5 e4 44. fxe4 dxe4 45. Bxe4 Kxb5
46. g6 1-0

[Event "NK Jeugd Cj"]
[Site "Assen"]
[Date "2017.04.27"]
[Round "7.12"]
[White "Schelleman, Martijn"]
[Black "Bijvank, Kylian"]
[Result "1-0"]
[WhiteElo "1385"]
[BlackElo "1678"]
[PlyCount "45"]
[EventDate "2017.??.??"]

1. e4 c5 2. Nf3 Nc6 3. d4 cxd4 4. Nxd4 e6 5. Nc3 a6 6. Be3 Qc7 7. Qd2 Nf6 8. f3
Bb4 9. a3 Be7 10. O-O-O O-O 11. g4 b5 12. h4 b4 13. Nb1 bxa3 14. Nxa3 Bxa3 15.
bxa3 Rb8 16. h5 Nxd4 17. Bxd4 d5 18. h6 Qe7 19. Qg5 Qxa3+ 20. Kd2 Ne8 21. hxg7
dxe4 22. gxf8=Q+ Kxf8 23. Bc5+ 1-0